Statistics for Geography A

Click here to take the quiz!

General Stats

  • This quiz has been taken 29 times
    (19 since last reset)
  • The average score is 6 of 10

Answer Stats

HintAnswer% Correct
Capital of the UAEAbu Dhabi
95%
Greek CapitalAthens
95%
It is the second Largest Portuguese
Speaking country
Angola
84%
A country that lost a war to birdsAustralia
74%
Home of the most famous Dictator
or criminal
Austria
74%
Home of the most notorious Terrorist
Gang
Afghanistan
63%
Summer 1928 Olympics Held in this cityAmsterdam
58%
Birthplace of WalmartArkansas
53%
Finnish island chainÅland
21%
The battle in which Abraham Lincoln
spoke the Emancipation Proclamation
Battle of Antietam
21%

Score Distribution

Percentile by Number Answered

Percent of People with Each Score

Your Score History

You have not taken this quiz since the last reset